Tekst piosenki "HI-FI" Wanda i Banda - Statystyki

Ogólne statystyki
  • Ten quiz został rozwiązany 31 razy
  • Średni wynik to 14 z 24
Statystyki odpowiedzi
Tekst % Poprawnych
Odmierza czas - nowa {płyta}
100%
Hi-Fi super{star}, super{hit}
79%
Hi-Fi super{star}, super{hit}
79%
Hi-Fi super{star}, super{hit}
79%
Hi-Fi super{star}, super{hit}
79%
I pod skórą, jak {automat}, wali ci puls
72%
Popijasz łyk {ciepłej coli}
66%
A jednak żal {wypaść z roli}
62%
Aż kapie pot z {tranzystorów}
62%
{Nerwowy rytm} nagle chwytasz
62%
Właśnie {tutaj}, właśnie {teraz}, sobie na złośc!
62%
I z niesmakiem {kręcisz głową} że to nie to
59%
Porywa cię {gra pozorów}
59%
Histeryczna {deformacja} - życie nad stan
55%
Już kolejny {przebój nocy} wciska się w mózg
55%
Na {zwariowane sny} świat ma apetyt
55%
Na {zwariowane sny} świat ma apetyt
55%
To nic, że tuż za {oknami}
52%
Tu za frajer można znaleźć {piekło} i {raj}
52%
Po raz szósty ten sam numer, {szmira} i {chłam}
34%
Senne oczy, pusta kieszeń — {City by Night}!
34%
{Dyskdżokej} szczerzy kły znad konsolety
28%
{Dyskdżokej} szczerzy kły znad konsolety
28%
{Zielony} blask pod palcami
24%
Nie znaleziono quizów pasujących do podanych kryteriów
Rozkład punktacji
Procent ludzi z każdym wynikiem
Percentyl według liczby udzielonych odpowiedzi
Twoja historia wyników
Nie rozwiązałeś tego quizu